| 000 | 00647nam a2200217 4500 | ||
|---|---|---|---|
| 003 | OSt | ||
| 005 | 20260530113855.0 | ||
| 008 | 260422b1967 nyua|||| |||| 00| 0 eng d | ||
| 040 |
_aICI _bspa _cICI |
||
| 050 |
_aNC997 _bE47 1967 |
||
| 100 | 1 |
_aEksell, Olle _d1918 _931658 |
|
| 245 | 1 | 0 |
_aCorporate Design Programs _ctranslated from the swedish by Charles Harrison-Wallace. |
| 264 | 1 |
_bSutudio Vista _c1967 _aLondon |
|
| 300 | _a96 páginas | ||
| 336 |
_atexto _2rdacontent |
||
| 337 |
_asin medio _2rdamedia |
||
| 338 |
_avolumen _2rdacarrier |
||
| 650 | 4 |
_aArte comercial _931659 |
|
| 650 | 4 |
_aArtes gráficas _xTécnica _931660 |
|
| 942 |
_2ddc _cBK |
||
| 999 |
_c11596 _d11596 |
||